000 00653nam a2200193 i 4500
001 37587
003 ES-MaACL
005 20230909212126.0
007 t|
008 030221q1914 mc ||||1| fre d
100 1 _aBuen, Odón de,
_d1863-1945
_932355
245 1 2 _aL'Institut espagnol d'Océanographie /
_cOdón de Buen.
260 _aMonaco :
_b[s.n.],
_c[1914?]
300 _a10 p. ;
_c24 cm.
500 _aSeparata del: Bulletin de l'Institut Océanographique (Fondation Albert 1er., Prince de Monaco, nº 295, 22 juin 1914.
610 0 4 _aInstituto Español de Oceanografía.
_95048
852 _aES-MaACL
_jT-1436-F-5
999 _c37587
_d37587